000 005170000a22001810004500
020 _a0-8010-8920-4
041 0 _aENG
082 0 4 _aG 616.85 T1611c
100 1 _aTan, Siang Yang (1954-)
245 1 0 _aCoping with depression : The common cold of the emotional life / Siang Yang Tan, John Ortberg
260 _aGran Rapids, MI., USA : Baker
300 _a117 Pag
001 10462
942 _cBK
999 _c40013
_d40013
336 _atexto
_btxt
_2rdacontent
337 _2rdamedia
_asin mediación
_bn
338 _2rdacarrier
_avolumen
_bnc